Kam chceme dospět. Nekonají se ani katastrofy, ani strukturální změny.

Nutnosť racionálneho a premysleného prístupu k ekonomickej reforme a škodlivosť extrémnych názorov. Štatistické údaje o skutočnom stave ekonomiky. Pokles exportnej výkonnosti a neuspokojivý stav dovozov i vývozov. Štrukturálne deformácie a niekoľko poznámok o tom, ako ich liečiť.

Gespeichert in:
Bibliographische Detailangaben
1. Verfasser: Kubálek, J.
Format: Buchkapitel
Sprache:Tschechisch
Schlagworte:
Tags: Tag hinzufügen
Keine Tags, Fügen Sie das erste Tag hinzu!

MARC

LEADER 00000naa a2200000 4500
001 r006555
005 20221125081151.0
041 0 |a cze 
044 |a [CS] 
245 1 0 |a Kam chceme dospět.  |b Nekonají se ani katastrofy, ani strukturální změny.  |c J. Kubálek 
520 |a Nutnosť racionálneho a premysleného prístupu k ekonomickej reforme a škodlivosť extrémnych názorov. Štatistické údaje o skutočnom stave ekonomiky. Pokles exportnej výkonnosti a neuspokojivý stav dovozov i vývozov. Štrukturálne deformácie a niekoľko poznámok o tom, ako ich liečiť. 
610 2 0 |a reformy hospodárske 
610 2 0 |a údaje štatistické 
610 2 0 |a dovoz 
610 2 0 |a vývoz 
610 2 0 |a ČSFR 
610 2 0 |a zmeny štruktúrne 
100 1 |a Kubálek, J.